Throwing Sports by Picture - Statistics

General Stats
  • This quiz has been taken 837 times
  • The average score is 9 of 14
Answer Stats
Picture Answer % Correct
bowling
98%
darts
96%
javelin
91%
discus
88%
shot put
84%
dodgeball
70%
hammer throw
64%
horseshoes
61%
{disc} {golf}
59%
cornhole
57%
{bocce}
55%
ring toss
39%
lawn darts
37%
caber toss
29%
No matching quizzes found
Score Distribution
Percent of People with Each Score
Percentile by Number Answered
Your Score History
You have not taken this quiz